Ritual y palabra: aproximación a la religiosidad popular latinoamericana

Gespeichert in:
Bibliographische Detailangaben
1. Verfasser: Morandé Court, Pedro (autor)
Format: Buch
Sprache:Spanisch
Veröffentlicht: Santiago Instituto de Estudios de la Sociedad 2010
Ausgabe:1a. ed
Schriftenreihe:Colección Vanguardia
Schlagworte:
Tags: Tag hinzufügen
Keine Tags, Fügen Sie den ersten Tag hinzu!

MARC

LEADER 00000cam a2200000 a 4500
001 UCD6145
003 CL-VaPUC
008 161118e20100000cl |||||||||||||||||spa|d
020 |a 9789568639099 
082 0 4 |a 291.3  |b MOR  |2 21 
100 |a Morandé Court, Pedro  |e autor  |9 491845 
245 1 0 |a Ritual y palabra: aproximación a la religiosidad popular latinoamericana 
250 |a 1a. ed 
300 |a 127 p 
942 |c BK 
945 |d 20161118 09:36:00  |a arojas 
260 |a Santiago  |b Instituto de Estudios de la Sociedad  |c 2010 
650 7 |a RELIGIOSIDAD POPULAR  |2 CL-VaPUC  |9 589837 
650 0 |a Cristianismo  |9 257361 
651 0 |a América Latina   |9 255027 
583 |a last modification  |c 20161118 09:36:00  |k Rodrigo Vera 
490 0 |a Colección Vanguardia 
999 |c 366520  |d 366518 
952 |0 0  |1 0  |3 erb  |4 0  |6 291_300000000000000_MOR_2010  |7 0  |8 A  |9 480801  |a BIBEDU  |b BIBEDU  |i 5348080  |o 291.3 MOR 2010  |p 5348080  |r 2019-11-24  |w 2019-11-24  |y BK  |z Catalogado en:20161118  |k FIL 
952 |0 0  |1 0  |3 erb  |4 0  |6 291_300000000000000_MOR_2010  |7 0  |8 A  |9 480802  |a BIBTEO  |b BIBTEO  |i 537152K  |o 291.3 MOR 2010  |p 537152K  |r 2024-01-18  |w 2019-11-24  |y BK  |z Catalogado en:20170407  |k ICR 
952 |0 0  |1 0  |3 erb  |4 0  |6 291_300000000000000_MOR_2010  |7 0  |8 A  |9 480803  |a BIBTEO  |b BIBTEO  |i 5371511  |l 1  |o 291.3 MOR 2010  |p 5371511  |r 2024-01-18  |s 2023-05-18  |w 2019-11-24  |y BK  |z Catalogado en:20170407  |k ICR